| 000 | 01433nam a2200385Ii 4500 | ||
|---|---|---|---|
| 001 | DIGDESCL0067 | ||
| 003 | NyNyDIG | ||
| 007 | cr ||||||||||| | ||
| 008 | 220816s2013 sp 00 0spa | ||
| 006 | m o d | ||
| 035 | _a(OCoLC)1350507251 | ||
| 040 |
_aDGITA _beng _erda _epn _cDGITA |
||
| 020 |
_a9788433036414 _qeBook _qePub |
||
| 020 | _z9788433026224 | ||
| 050 | 1 | 4 | _aBV4813 ebook |
| 100 | 1 |
_aMonroy Ballesteros, Benjamín, _eauthor. |
|
| 245 | 1 | 0 |
_aContempla y quedarás radiante : _bmísticos franciscanos hoy / _cBenjamín Monroy Ballesteros. |
| 264 | 1 |
_aBilbao : _bDesclée de Brouwer, _c2013. |
|
| 300 | _a1 online resource. | ||
| 336 |
_atext _btxt _2rdacontent |
||
| 337 |
_acomputer _bc _2rdamedia |
||
| 338 |
_aonline resource _bcr _2rdacarrier |
||
| 347 |
_atext file _2rdaft |
||
| 347 | _bEPUB | ||
| 588 | 0 | _aOnline resource; title from ePub title page (Digitalia, viewed August 16, 2022) | |
| 650 | 0 |
_aMeditation _xChristianity. |
|
| 650 | 0 | _aFranciscans. | |
| 655 | 0 | _aElectronic books. | |
| 791 | 2 |
_aDigitalia (Firm), _edistributor. |
|
| 793 | 0 |
_gDigitalia eBook Collection: _aDesclée de Brouwer. |
|
| 776 | 0 | 8 |
_iPrint version: _aMonroy Ballesteros, Benjamín. _tContempla y quedarás radiante. _dBilbao : Desclée de Brouwer, 2013 _z9788433026224 |
| 856 | 4 | 0 |
_3Digitalia Hispánica _uhttps://www.digitaliapublishing.com/a/84128/ |
| 910 | _aPremium collection: 2022 | ||
| 942 | _cRAA | ||
| 999 |
_c266183 _d266183 |
||